| 000 | 00442nam a2200181Ia 4500 | ||
|---|---|---|---|
| 001 | 21119 | ||
| 005 | 20260306172855.0 | ||
| 008 | 260306t2013||||xx |||||||||||||| ||spa|| | ||
| 041 | _aESP | ||
| 082 |
_a344 _bS18E 2013 |
||
| 100 |
_aSalinas Siccha, Ramiro _eAUT |
||
| 245 | 0 |
_aDerecho Penal: _bparte especial |
|
| 260 | _c2013 | ||
| 300 |
_alxxix, 1343 páginas : _c24 cm. |
||
| 650 | _aGEN | ||
| 654 | _aCDE | ||
| 942 |
_cLIB _dJUS _fJUS _2ddc _n |
||
| 999 |
_c21119 _d21119 |
||